[Event "5. ODEM U25 2008"]
[Site "Willingen GER"]
[Date "2008.05.14"]
[Round "6"]
[White "Lehmann, Ruben"]
[Black "Münch, Marlene"]
[Result "1-0"]
[Termination "normal"]
[Board "29"]
[WhiteElo "1780"]
[BlackElo "1674"]
[PlyCount "115"]
[WhiteFideId "24671177"]
[BlackFideId "24639222"]
[EventCountry "GER"]
[EventRounds "9"]
[EventType "swiss"]
[EventDate "2008.05.10"]

1. d4 Nf6 2. Nf3 e6 3. e3 b6 4. Bd3 Bb7 5. O-O c5 6. Nbd2 d5 7. c3 Nbd7 8. Ne5
Bd6 9. f4 Qe7 10. Ndf3 Ne4 11. Bb5 O-O-O 12. Bxd7+ Rxd7 13. Nxd7 Qxd7 14. Qc2
f6 15. Bd2 h6 16. b4 c4 17. Be1 g5 18. g3 Qg7 19. Kh1 Bc6 20. Nd2 Nxd2 21. Bxd2
Be8 22. f5 Kc7 23. e4 Bh5 24. fxe6 Be2 25. Qa4 Kb7 26. exd5 Rc8 27. Qd7+ Qxd7
28. exd7 Rf8 29. Rxf6 Kc7 30. Rxf8 Bxf8 31. Re1 Bf3+ 32. Kg1 Kxd7 33. Re5 Bg7
34. Rf5 Bh5 35. g4 Bg6 36. Rf1 Kd6 37. Re1 Bf7 38. Be3 Bxd5 39. Bf2 Be6 40.
Bg3+ Kd5 41. h3 a6 42. Be5 Bxe5 43. Rxe5+ Kd6 44. Rxe6+ Kxe6 45. Kf2 b5 46. Ke3
Kd5 47. a3 Kd6 48. Ke4 Ke6 49. d5+ Kd6 50. Kd4 Kd7 51. Ke5 Ke7 52. d6+ Kd7 53.
Kd5 Kd8 54. Ke6 Ke8 55. d7+ Kd8 56. Kd6 a5 57. bxa5 b4 58. a6 1-0

[Event "5. ODEM U25 2008"]
[Site "Willingen GER"]
[Date "2008.05.14"]
[Round "6"]
[White "Schneider, Johannes"]
[Black "Kelm, Marcel"]
[Result "0-1"]
[Termination "normal"]
[Board "30"]
[WhiteElo "1645"]
[BlackElo "2016"]
[PlyCount "96"]
[WhiteFideId "24687260"]
[BlackFideId "4675770"]
[EventCountry "GER"]
[EventRounds "9"]
[EventType "swiss"]
[EventDate "2008.05.10"]

1. d4 Nf6 2. c4 Nc6 3. Nc3 e5 4. d5 Ne7 5. e4 Ng6 6. Bd3 Bc5 7. h3 O-O 8. Nge2
d6 9. Na4 Bb6 10. Nxb6 axb6 11. Be3 Qe7 12. Qc2 Bd7 13. O-O Nh5 14. f4 exf4 15.
Nxf4 Nhxf4 16. Bxf4 Nxf4 17. Rxf4 Qg5 18. Rf3 Qe5 19. Qf2 f6 20. a3 Be8 21. Rf5
Qe7 22. Rf1 Bg6 23. Rf4 Rae8 24. g4 Qe5 25. h4 h6 26. h5 Bh7 27. Re1 c5 28. Rf3
Qg5 29. Qg2 Re7 30. Rfe3 Rfe8 31. Kf2 Qf4+ 32. Qf3 Qh2+ 33. Qg2 Qxg2+ 34. Kxg2
f5 35. Kf3 fxg4+ 36. Kxg4 Re5 37. Bc2 Rg5+ 38. Kh4 Ree5 39. Bd1 Rg2 40. b3 g6
41. hxg6 Bxg6 42. Bf3 Ra2 43. a4 Rg5 44. R3e2 Rxe2 45. Rxe2 Kg7 46. e5 Rxe5 47.
Rxe5 dxe5 48. Bh5 Bc2 0-1

[Event "5. ODEM U25 2008"]
[Site "Willingen GER"]
[Date "2008.05.14"]
[Round "6"]
[White "Hentschel, Tobias"]
[Black "Janiesch, Maike"]
[Result "0-1"]
[Termination "normal"]
[Board "31"]
[WhiteElo "1812"]
[BlackElo "1698"]
[PlyCount "114"]
[EventCountry "GER"]
[EventRounds "9"]
[EventType "swiss"]
[EventDate "2008.05.10"]

1. Nf3 Nf6 2. d4 e6 3. c4 b6 4. Nc3 Bb4 5. Bd2 Bb7 6. e3 O-O 7. a3 Bxc3 8. Bxc3
Ne4 9. Qc2 Nxc3 10. Qxc3 d6 11. Be2 Nd7 12. Rd1 c5 13. O-O Qe7 14. Rfe1 Rac8
15. b4 cxd4 16. Nxd4 d5 17. Qb3 Ne5 18. Rc1 dxc4 19. Bxc4 Nxc4 20. Rxc4 Bd5 21.
Rec1 Bxc4 22. Rxc4 Rxc4 23. Qxc4 Qd7 24. g3 Rc8 25. Qe2 Qd5 26. Qb2 g6 27. b5
Rc5 28. a4 Qc4 29. Nc6 Qc1+ 30. Qxc1 Rxc1+ 31. Kg2 Ra1 32. Nxa7 Rxa4 33. Nc8
Rb4 34. Nxb6 Rxb5 35. Nc4 Rc5 36. Nd2 Rc2 37. Ne4 Kg7 38. h3 h6 39. g4 f5 40.
Nd6 Kf6 41. Nb5 e5 42. Nd6 Ke6 43. Nb5 fxg4 44. hxg4 h5 45. gxh5 gxh5 46. Kg3
h4+ 47. Kxh4 Rxf2 48. Kg3 Rf7 49. Nc3 Kd6 50. Kg4 Kc5 51. Ne4+ Kd5 52. Ng3 Rf8
53. Kh3 Kc4 54. Kg2 Kd3 55. e4 Ke3 56. Kg1 Rg8 57. Kh2 Kf2 0-1

[Event "5. ODEM U25 2008"]
[Site "Willingen GER"]
[Date "2008.05.14"]
[Round "6"]
[White "Wolkow, Michael"]
[Black "Müller, Alexander"]
[Result "0-1"]
[Termination "normal"]
[Board "32"]
[WhiteElo "1566"]
[BlackElo "1807"]
[PlyCount "68"]
[BlackFideId "4624696"]
[EventCountry "GER"]
[EventRounds "9"]
[EventType "swiss"]
[EventDate "2008.05.10"]

1. e4 c5 2. Nf3 e6 3. d4 cxd4 4. Nxd4 Nc6 5. Nc3 Qc7 6. f4 Bb4 7. Ndb5 Qb8 8.
a3 Be7 9. e5 a6 10. Nd6+ Bxd6 11. Qxd6 Qxd6 12. exd6 Nf6 13. Be3 b5 14. Be2 Bb7
15. Bf3 O-O 16. O-O Rac8 17. a4 b4 18. Na2 a5 19. Bb6 Ne8 20. Bxc6 Rxc6 21.
Bxa5 Rxc2 22. Rf2 Rxf2 23. Kxf2 b3 24. Nc1 Bd5 25. Bd8 Nxd6 26. Be7 Ne4+ 27.
Kg1 Rc8 28. a5 f6 29. Bb4 Nc5 30. a6 Nxa6 31. Bd2 Rc2 32. Be3 Rxg2+ 33. Kf1 Nb4
34. Nxb3 Nc2 0-1

[Event "5. ODEM U25 2008"]
[Site "Willingen GER"]
[Date "2008.05.14"]
[Round "6"]
[White "Bauer, Hermann"]
[Black "Zimmerer, David"]
[Result "1/2-1/2"]
[Termination "normal"]
[Board "33"]
[WhiteElo "1549"]
[BlackElo "1808"]
[PlyCount "41"]
[WhiteFideId "24601730"]
[BlackFideId "4620224"]
[EventCountry "GER"]
[EventRounds "9"]
[EventType "swiss"]
[EventDate "2008.05.10"]

1. d4 Nf6 2. Bf4 e6 3. e3 b6 4. Nd2 Bb7 5. Ngf3 c5 6. Bd3 cxd4 7. exd4 Be7 8.
h3 O-O 9. O-O d6 10. Re1 Nbd7 11. Bf1 Re8 12. c3 Bf8 13. Bh2 Qc7 14. Qc2 e5 15.
dxe5 dxe5 16. Nc4 Bxf3 17. gxf3 Re6 18. Nd2 Nc5 19. Bc4 Re7 20. Qf5 Ncd7 21.
Bd3 1/2-1/2

[Event "5. ODEM U25 2008"]
[Site "Willingen GER"]
[Date "2008.05.14"]
[Round "6"]
[White "Wisheckel, Florian"]
[Black "Windjäger, Gerd"]
[Result "1-0"]
[Termination "normal"]
[Board "34"]
[WhiteElo "1749"]
[BlackElo "1535"]
[PlyCount "45"]
[WhiteFideId "24678090"]
[EventCountry "GER"]
[EventRounds "9"]
[EventType "swiss"]
[EventDate "2008.05.10"]

1. e4 c6 2. d4 d5 3. e5 Bf5 4. Nf3 e6 5. Be2 c5 6. O-O Nc6 7. Be3 Rc8 8. dxc5
Qa5 9. c3 Qc7 10. Bd4 Nge7 11. Bb5 a6 12. Ba4 Ng6 13. Re1 Be7 14. b4 O-O 15.
Na3 Bg4 16. Bxc6 Qxc6 17. h3 Bxf3 18. Qxf3 Qa4 19. Nb1 a5 20. a3 b6 21. cxb6
axb4 22. cxb4 Bxb4 23. axb4 1-0

[Event "5. ODEM U25 2008"]
[Site "Willingen GER"]
[Date "2008.05.14"]
[Round "6"]
[White "Ohnesorg, Felix"]
[Black "Meiser, Michael"]
[Result "1-0"]
[Termination "normal"]
[Board "35"]
[WhiteElo "1711"]
[BlackElo "1490"]
[PlyCount "71"]
[WhiteFideId "24653578"]
[BlackFideId "24659762"]
[EventCountry "GER"]
[EventRounds "9"]
[EventType "swiss"]
[EventDate "2008.05.10"]

1. d4 Nf6 2. c4 g6 3. Nc3 Bg7 4. e4 d6 5. f3 O-O 6. Be3 b6 7. Bd3 c5 8. d5 Nbd7
9. Qd2 Ne5 10. Nge2 a6 11. Rc1 Rb8 12. O-O Bd7 13. f4 Neg4 14. h3 Nxe3 15. Qxe3
e6 16. g4 exd5 17. cxd5 Re8 18. g5 Nh5 19. Kh2 b5 20. Ng3 f5 21. Nxh5 fxe4 22.
Nxg7 Kxg7 23. Nxe4 Bf5 24. Rce1 Qa5 25. Qc1 Bxe4 26. Rxe4 Qxa2 27. Qc3+ Kg8 28.
Rfe1 Rxe4 29. Bxe4 Rc8 30. Qf6 Rf8 31. Qe6+ Kg7 32. Qxd6 Qxb2+ 33. Bg2 Qd2 34.
Re7+ Kg8 35. Qe6+ Kh8 36. Qe5+ 1-0

[Event "5. ODEM U25 2008"]
[Site "Willingen GER"]
[Date "2008.05.14"]
[Round "6"]
[White "Paulus, Jeffrey"]
[Black "Zhou, Wile"]
[Result "1-0"]
[Termination "normal"]
[Board "37"]
[WhiteElo "1674"]
[BlackElo "1512"]
[PlyCount "113"]
[WhiteFideId "24692468"]
[BlackFideId "4695674"]
[EventCountry "GER"]
[EventRounds "9"]
[EventType "swiss"]
[EventDate "2008.05.10"]

1. d4 Nf6 2. Nf3 e6 3. c4 c5 4. g3 Nc6 5. Bg2 cxd4 6. Nxd4 a6 7. O-O Be7 8. Nc3
O-O 9. e4 Qc7 10. b3 d6 11. Be3 Bd7 12. f4 e5 13. Nxc6 Bxc6 14. Nd5 Bxd5 15.
exd5 h5 16. Bf3 g6 17. f5 e4 18. Be2 Kh7 19. g4 Rg8 20. g5 gxf5 21. Rxf5 Qd8
22. Bxh5 Rg7 23. Bxf7 Rxf7 24. gxf6 Bxf6 25. Qh5+ Kg8 26. Kh1 Rg7 27. Raf1 Be5
28. Bh6 Qe8 29. Bxg7 Qxh5 30. Rxh5 Kxg7 31. Rxe5 dxe5 32. Kg2 Rh8 33. d6 e3 34.
Re1 Rd8 35. c5 Kf6 36. Kf3 Ke6 37. Kxe3 Rh8 38. Rd1 Kd7 39. Rd2 Rh4 40. Kf3
Rh3+ 41. Ke4 Rc3 42. Kd5 e4 43. Kxe4 Rxc5 44. Kf4 Rh5 45. Kg4 Ra5 46. h4 Rb5
47. Rd4 Ra5 48. a4 Re5 49. h5 Re8 50. h6 Re1 51. Kh5 Re5+ 52. Kg4 Re6 53. Kg5
Re5+ 54. Kg6 Re1 55. Rd5 Rg1+ 56. Rg5 Rh1 57. h7 1-0

[Event "5. ODEM U25 2008"]
[Site "Willingen GER"]
[Date "2008.05.14"]
[Round "6"]
[White "Hansch, Stephan"]
[Black "Häcker, Katrin"]
[Result "0-1"]
[Termination "normal"]
[Board "38"]
[WhiteElo "1515"]
[BlackElo "1663"]
[PlyCount "44"]
[BlackFideId "24667986"]
[EventCountry "GER"]
[EventRounds "9"]
[EventType "swiss"]
[EventDate "2008.05.10"]

1. e4 e5 2. Nf3 Nc6 3. Bc4 Bc5 4. d3 Nf6 5. c3 O-O 6. b4 Be7 7. b5 Na5 8. Nxe5
Nxc4 9. Nxc4 d5 10. Ncd2 dxe4 11. dxe4 Bc5 12. Qc2 Ng4 13. O-O f5 14. exf5 Bxf5
15. Qb3+ Kh8 16. Nf3 Bd3 17. Ng5 Qd6 18. g3 Bxf1 19. Nf7+ Rxf7 20. Qxf7 Qd1 21.
Nd2 Bh3+ 22. Nf1 Qxf1# 0-1

[Event "5. ODEM U25 2008"]
[Site "Willingen GER"]
[Date "2008.05.14"]
[Round "6"]
[White "Bangert, Benjamin"]
[Black "Haase, Sebastian"]
[Result "0-1"]
[Termination "normal"]
[Board "39"]
[WhiteElo "1227"]
[BlackElo "1627"]
[PlyCount "52"]
[WhiteFideId "24692654"]
[EventCountry "GER"]
[EventRounds "9"]
[EventType "swiss"]
[EventDate "2008.05.10"]

1. c4 Nf6 2. Nc3 g6 3. Nf3 Bg7 4. d4 d6 5. Bf4 O-O 6. e3 Nbd7 7. Bd3 Re8 8. Bg3
e5 9. Bc2 Kh8 10. O-O Ng8 11. Re1 f5 12. h3 Nh6 13. Rb1 Nf7 14. e4 f4 15. Bh2
g5 16. d5 h5 17. Nd2 Nf6 18. f3 g4 19. g3 fxg3 20. Bxg3 gxh3 21. f4 Bh6 22. f5
Rg8 23. Kh2 h4 24. Bxh4 Bxd2 25. Bxf6+ Qxf6 26. Qh5+ Bh6 0-1

[Event "5. ODEM U25 2008"]
[Site "Willingen GER"]
[Date "2008.05.14"]
[Round "6"]
[White "Ehlers, Michael"]
[Black "Brand, Benedikt"]
[Result "1-0"]
[Termination "normal"]
[Board "40"]
[WhiteElo "1988"]
[BlackElo "1314"]
[PlyCount "87"]
[WhiteFideId "4674537"]
[BlackFideId "24683744"]
[EventCountry "GER"]
[EventRounds "9"]
[EventType "swiss"]
[EventDate "2008.05.10"]

1. e4 e5 2. f4 d6 3. Nf3 Bg4 4. Bc4 Nf6 5. fxe5 dxe5 6. Bxf7+ Kxf7 7. Nxe5+ Ke8
8. Nxg4 Nxe4 9. Qe2 Qe7 10. O-O Ng5 11. Qxe7+ Bxe7 12. d4 Nc6 13. c3 Kd7 14. d5
Na5 15. Ne5+ Ke8 16. b4 Rd8 17. bxa5 Rxd5 18. Re1 Bc5+ 19. Kf1 Rf8+ 20. Nf3+
Kd7 21. Bxg5 Rxg5 22. Nbd2 Bd6 23. Ne4 Rxa5 24. Nxd6 Kxd6 25. Rad1+ Kc6 26.
Re6+ Kb5 27. Re5+ c5 28. Rd2 Kc4 29. Ke2 Kxc3 30. Re4 c4 31. Re3+ Kb4 32. Rb2+
Ka4 33. Rxb7 Rc8 34. Rc3 Re8+ 35. Kf2 g5 36. Rxc4+ Ka3 37. Rc2 Re4 38. Rb3+ Ka4
39. Rcc3 Rf5 40. Ra3+ Kb5 41. Rcb3+ Kc6 42. Ra6+ Kd7 43. Rxa7+ Ke6 44. Rb6+ 1-0

[Event "5. ODEM U25 2008"]
[Site "Willingen GER"]
[Date "2008.05.14"]
[Round "6"]
[White "Maßloch, Philipp"]
[Black "Kuckling, Jonas"]
[Result "1-0"]
[Termination "normal"]
[Board "42"]
[WhiteElo "1585"]
[BlackElo "1420"]
[PlyCount "59"]
[WhiteFideId "24692476"]
[BlackFideId "24603856"]
[EventCountry "GER"]
[EventRounds "9"]
[EventType "swiss"]
[EventDate "2008.05.10"]

1. e4 c5 2. Nf3 e6 3. d4 cxd4 4. Nxd4 a6 5. Be3 Qc7 6. Nc3 Ba3 7. Bc1 Be7 8.
Be2 Nf6 9. f3 O-O 10. O-O d6 11. Qe1 Nbd7 12. f4 b6 13. Qg3 e5 14. Nf5 g6 15.
Nxe7+ Kh8 16. Nxc8 Qxc8 17. fxe5 dxe5 18. Bg5 Nh5 19. Bxh5 gxh5 20. Bf6+ Nxf6
21. Rxf6 Rg8 22. Qxe5 Qg4 23. Rg6+ f6 24. Qxf6+ Rg7 25. Rxg4 Rag8 26. Rxg7 Rxg7
27. Rf1 h4 28. Qd8+ Rg8 29. Qd4+ Rg7 30. Rf8# 1-0

[Event "5. ODEM U25 2008"]
[Site "Willingen GER"]
[Date "2008.05.14"]
[Round "6"]
[White "Gheng, Hannelore"]
[Black "Preiß, Vincent"]
[Result "1/2-1/2"]
[Termination "normal"]
[Board "43"]
[WhiteElo "1439"]
[BlackElo "1580"]
[PlyCount "54"]
[BlackFideId "24660850"]
[EventCountry "GER"]
[EventRounds "9"]
[EventType "swiss"]
[EventDate "2008.05.10"]

1. e4 c5 2. Nf3 Nc6 3. d4 cxd4 4. Nxd4 Nxd4 5. Qxd4 d6 6. Bc4 Nf6 7. e5 Qa5+ 8.
Bd2 Qxe5+ 9. Qxe5 dxe5 10. Bc3 e4 11. Nd2 Bf5 12. O-O-O e6 13. Bb5+ Nd7 14.
Bxd7+ Kxd7 15. Nxe4+ Kc7 16. Be5+ Kc6 17. Nd6 Bg6 18. Rhe1 f6 19. Bg3 e5 20.
Ne4 Be7 21. Nc3 Bb4 22. Re3 Rad8 23. Rxd8 Rxd8 24. f4 exf4 25. Bxf4 Rd4 26. Bg3
f5 27. Rd3 Rxd3 1/2-1/2

[Event "5. ODEM U25 2008"]
[Site "Willingen GER"]
[Date "2008.05.14"]
[Round "6"]
[White "Dietz, Daniel"]
[Black "Kostka, Daniel"]
[Result "1/2-1/2"]
[Termination "normal"]
[Board "44"]
[WhiteElo "1421"]
[BlackElo "1572"]
[PlyCount "101"]
[EventCountry "GER"]
[EventRounds "9"]
[EventType "swiss"]
[EventDate "2008.05.10"]

1. e4 e6 2. f4 d5 3. e5 c5 4. c3 Qb6 5. Nf3 Nc6 6. Na3 a6 7. Nc2 f6 8. a3 fxe5
9. fxe5 Nge7 10. d4 cxd4 11. cxd4 Bd7 12. Bd3 h6 13. O-O O-O-O 14. b4 g6 15.
Be3 Nf5 16. Bxf5 gxf5 17. Qd3 Be7 18. Rfb1 Qb5 19. Qc3 Qa4 20. b5 axb5 21. Qd3
Qc4 22. Qd1 Kb8 23. Nd2 Qa4 24. Rb4 Qa5 25. Rb2 Rc8 26. Nb4 Nxb4 27. axb4 Qb6
28. Kh1 Rc3 29. Bf2 Rhc8 30. Nf3 R3c4 31. Qd2 Qc6 32. Qxh6 Bxb4 33. Be1 Bxe1
34. Rxe1 Rc1 35. Qxc1 Qxc1 36. Rxc1 Rxc1+ 37. Ng1 Rd1 38. Rb4 Kc7 39. h4 Kb6
40. h5 Be8 41. h6 Bg6 42. Kh2 Ka5 43. Rb2 Rxd4 44. Nf3 Rc4 45. Ra2+ Ra4 46. Rc2
Rc4 47. Ra2+ Kb6 48. Ra8 Rc7 49. Rg8 Bh7 50. Re8 Rc6 51. Re7 1/2-1/2

[Event "5. ODEM U25 2008"]
[Site "Willingen GER"]
[Date "2008.05.14"]
[Round "6"]
[White "Reksten, Daniel"]
[Black "Wagner, Thomas"]
[Result "0-1"]
[Termination "normal"]
[Board "45"]
[WhiteElo "1400"]
[BlackElo "1554"]
[PlyCount "140"]
[WhiteFideId "24692590"]
[EventCountry "GER"]
[EventRounds "9"]
[EventType "swiss"]
[EventDate "2008.05.10"]

1. e4 c5 2. f4 d6 3. Nf3 g6 4. d4 cxd4 5. Nxd4 Bg7 6. Be3 Nf6 7. Nd2 O-O 8. Bd3
Ng4 9. Qe2 Nxe3 10. Qxe3 Qb6 11. e5 dxe5 12. fxe5 Nc6 13. N2b3 Bxe5 14. c3 Bxd4
15. cxd4 Be6 16. Bc2 Bxb3 17. Bxb3 Qxd4 18. Qxd4 Nxd4 19. O-O Nxb3 20. axb3 a6
21. Rac1 Rac8 22. h3 Rfd8 23. Rfe1 Kf8 24. Rxc8 Rxc8 25. Rd1 Ke8 26. Rd2 Rd8
27. Rc2 Rd6 28. Rc8+ Kd7 29. Rh8 h5 30. b4 Rb6 31. Rb8 Rxb4 32. Kf2 Rxb2+ 33.
Kf3 Rb4 34. Ke3 b5 35. Rb7+ Ke6 36. Rb6+ Ke5 37. Rxa6 Rb3+ 38. Ke2 e6 39. Ra7
Kf6 40. Rb7 b4 41. g4 hxg4 42. hxg4 Rb2+ 43. Kd1 b3 44. Kc1 Rg2 45. Rxb3 Rxg4
46. Kd2 Rg2+ 47. Ke1 Kg5 48. Kf1 Ra2 49. Rb4 f5 50. Rb6 e5 51. Rb5 e4 52. Rb6
Kh5 53. Re6 g5 54. Re5 Kg4 55. Kg1 Kf4 56. Re6 Kg3 57. Kf1 g4 58. Re5 Rf2+ 59.
Kg1 Rf4 60. Re6 Rf3 61. Re5 e3 62. Re6 f4 63. Re8 Rf2 64. Re7 Ra2 65. Kf1 e2+
66. Ke1 f3 67. Re3 Ra1+ 68. Kd2 e1=Q+ 69. Rxe1 Rxe1 70. Kxe1 Kg2 0-1

[Event "5. ODEM U25 2008"]
[Site "Willingen GER"]
[Date "2008.05.14"]
[Round "6"]
[White "Arnold, Sebastian"]
[Black "Carow, Annelen"]
[Result "0-1"]
[Termination "normal"]
[Board "46"]
[WhiteElo "1366"]
[BlackElo "1542"]
[PlyCount "130"]
[WhiteFideId "24692603"]
[BlackFideId "24692492"]
[EventCountry "GER"]
[EventRounds "9"]
[EventType "swiss"]
[EventDate "2008.05.10"]

1. e4 e5 2. Nf3 Nc6 3. d4 exd4 4. Bc4 Be7 5. Nxd4 d6 6. Nc3 Nf6 7. O-O O-O 8.
Be3 Ng4 9. Qd2 Nxe3 10. Qxe3 Nxd4 11. Qxd4 Bf6 12. Qd3 Re8 13. Rfe1 Be5 14. Qf3
Be6 15. Bxe6 fxe6 16. Qh3 Qe7 17. Rab1 Rf8 18. Nd1 Rf6 19. g3 Bd4 20. c3 Bb6
21. e5 Rh6 22. Qg2 d5 23. Ne3 Bxe3 24. Rxe3 g5 25. Kh1 Rg6 26. Rd1 Rc8 27. Qh3
Qf8 28. Qg2 c6 29. Qf3 g4 30. Qxf8+ Rxf8 31. Kg2 Rg5 32. Rde1 Rgf5 33. Rf1 Kg7
34. f3 gxf3+ 35. Rexf3 Kg6 36. g4 Rxf3 37. Rxf3 Rxf3 38. Kxf3 c5 39. Kf4 b5 40.
a3 b4 41. axb4 cxb4 42. cxb4 h5 43. gxh5+ Kxh5 44. Ke3 Kg4 45. b5 Kh3 46. Kf4
Kxh2 47. Kg5 Kg3 48. Kf6 d4 49. Kxe6 d3 50. Kf7 d2 51. e6 d1=Q 52. e7 Qf3+ 53.
Ke6 Qe4+ 54. Kd7 Qd5+ 55. Ke8 Kf4 56. Kf8 Qf5+ 57. Kg7 Qe6 58. Kf8 Qf6+ 59. Ke8
Ke5 60. b6 Kd6 61. Kd8 Qxe7+ 62. Kc8 axb6 63. Kb8 b5 64. b4 Kc6 65. Ka8 Qb7#
0-1

[Event "5. ODEM U25 2008"]
[Site "Willingen GER"]
[Date "2008.05.14"]
[Round "6"]
[White "Berger, Manuel"]
[Black "Nobis, Philipp"]
[Result "1-0"]
[Termination "normal"]
[Board "47"]
[WhiteElo "1541"]
[BlackElo "1260"]
[PlyCount "111"]
[WhiteFideId "24692506"]
[BlackFideId "24602183"]
[EventCountry "GER"]
[EventRounds "9"]
[EventType "swiss"]
[EventDate "2008.05.10"]

1. c4 e5 2. Nc3 Nf6 3. e4 Nc6 4. g3 Bb4 5. Bg2 O-O 6. Nge2 d6 7. d3 Bxc3+ 8.
bxc3 h6 9. O-O Bg4 10. h3 Be6 11. f4 exf4 12. Nxf4 Bd7 13. Nh5 Nxh5 14. Qxh5
Ne7 15. g4 c6 16. g5 Qc8 17. gxh6 g6 18. Qg5 Qd8 19. Qf6 Nf5 20. Qxd8 Raxd8 21.
exf5 Bxf5 22. Rf3 Kh7 23. Bd2 d5 24. c5 b6 25. cxb6 axb6 26. d4 c5 27. dxc5
bxc5 28. a4 d4 29. cxd4 cxd4 30. a5 Rd7 31. a6 Be4 32. Rfa3 Bxg2 33. Kxg2 Ra8
34. a7 f5 35. Kf3 d3 36. Be3 d2 37. Ke2 Rad8 38. Rd1 f4 39. a8=Q Rxa8 40. Rxa8
fxe3 41. Kxe3 Kxh6 42. Rxd2 Rxd2 43. Kxd2 Kh5 44. Rh8+ Kg5 45. h4+ Kg4 46. Ke3
g5 47. hxg5 Kxg5 48. Rf8 Kg6 49. Rf1 Kg7 50. Ke4 Kg8 51. Ke5 Kg7 52. Ke6 Kg8
53. Ke7 Kg7 54. Rg1+ Kh7 55. Kf6 Kh8 56. Kf7 1-0

[Event "5. ODEM U25 2008"]
[Site "Willingen GER"]
[Date "2008.05.14"]
[Round "6"]
[White "Zuferi, Enis"]
[Black "Briese, Annika"]
[Result "1-0"]
[Termination "normal"]
[Board "49"]
[WhiteElo "1462"]
[BlackElo "1289"]
[PlyCount "79"]
[WhiteFideId "24692530"]
[EventCountry "GER"]
[EventRounds "9"]
[EventType "swiss"]
[EventDate "2008.05.10"]

1. e4 e5 2. Nf3 Nc6 3. Nc3 Nf6 4. d4 exd4 5. Nd5 Bc5 6. Bg5 d6 7. Bb5 Bd7 8.
O-O a6 9. Ba4 h6 10. Nxf6+ gxf6 11. Bh4 Qe7 12. Bxc6 Bxc6 13. Nxd4 O-O-O 14.
Nxc6 bxc6 15. Qg4+ Kb8 16. Qf5 Bd4 17. c3 Bb6 18. Bxf6 Qe6 19. Bxd8 Rxd8 20.
Rfe1 Re8 21. a4 d5 22. Qxe6 Rxe6 23. exd5 cxd5 24. Rxe6 fxe6 25. Re1 d4 26.
cxd4 Bxd4 27. Rxe6 Bxb2 28. Rxa6 Bc1 29. g3 Kb7 30. Ra5 Kb6 31. Rb5+ Ka6 32.
Rc5 Bd2 33. Rxc7 Ka5 34. Rc6 Kxa4 35. f4 Kb4 36. Rxh6 Kc4 37. Kf2 Bc3 38. Rc6+
Kd3 39. Rxc3+ Kxc3 40. f5 1-0

[Event "5. ODEM U25 2008"]
[Site "Willingen GER"]
[Date "2008.05.14"]
[Round "6"]
[White "Lang, Stephan"]
[Black "Biefel, Christian"]
[Result "1-0"]
[Termination "normal"]
[Board "50"]
[WhiteElo "1451"]
[BlackElo "1239"]
[PlyCount "85"]
[WhiteFideId "24692557"]
[BlackFideId "24692646"]
[EventCountry "GER"]
[EventRounds "9"]
[EventType "swiss"]
[EventDate "2008.05.10"]

1. e4 e5 2. Nf3 Nc6 3. Nc3 Nf6 4. d4 exd4 5. Nxd4 Bb4 6. Nxc6 bxc6 7. Bd2 O-O
8. Bd3 d5 9. exd5 Re8+ 10. Ne2 Bxd2+ 11. Qxd2 cxd5 12. O-O Qd6 13. Rfe1 Ng4 14.
Nf4 Be6 15. h3 Nf6 16. Nxe6 Rxe6 17. Rxe6 Qxe6 18. Re1 Qd7 19. Qb4 c6 20. Re7
Qc8 21. c4 a6 22. Qb7 Qxb7 23. Rxb7 dxc4 24. Bxc4 g6 25. Bxf7+ Kf8 26. Bc4 Nd5
27. Rxh7 Nb6 28. Rh8+ Ke7 29. Rxa8 Nxa8 30. Bxa6 Nb6 31. Bd3 Kf6 32. Be4 c5 33.
b3 g5 34. a4 Ke5 35. a5 Nc8 36. f3 Kf4 37. Kf2 Na7 38. a6 Ke5 39. Ke3 Nb5 40.
g3 Na7 41. h4 gxh4 42. gxh4 Kf6 43. Kd3 1-0

[Event "5. ODEM U25 2008"]
[Site "Willingen GER"]
[Date "2008.05.14"]
[Round "6"]
[White "Glatting, Lisa"]
[Black "Schirra, Felix"]
[Result "1/2-1/2"]
[Termination "normal"]
[Board "51"]
[WhiteElo "1762"]
[BlackElo "1197"]
[PlyCount "82"]
[WhiteFideId "24667617"]
[BlackFideId "24692662"]
[EventCountry "GER"]
[EventRounds "9"]
[EventType "swiss"]
[EventDate "2008.05.10"]

1. e4 c5 2. Nf3 Nc6 3. d4 cxd4 4. Nxd4 g6 5. Nc3 Bg7 6. Be3 e6 7. Be2 Nge7 8.
O-O O-O 9. Qd2 d5 10. exd5 exd5 11. Bf3 Ne5 12. Rfd1 Nxf3+ 13. Nxf3 Be6 14.
Rab1 Qd7 15. Bd4 Rfd8 16. Bxg7 Kxg7 17. Qd4+ Kg8 18. Ne2 Nf5 19. Qd3 Rac8 20.
Nf4 Qc6 21. Nxe6 fxe6 22. c3 Qc4 23. Qxc4 Rxc4 24. Rd2 Rd6 25. Re1 Kg7 26. Ng5
Rcc6 27. Rde2 Kf6 28. Nxh7+ Kg7 29. Ng5 Kf6 30. Nf3 Ra6 31. a3 d4 32. Nxd4 Nxd4
33. cxd4 Rxd4 34. h3 b5 35. Re4 Rad6 36. Rxd4 Rxd4 37. Re2 a5 38. Kh2 e5 39. f3
Kf5 40. g3 g5 41. Rc2 Rd5 1/2-1/2

[Event "5. ODEM U25 2008"]
[Site "Willingen GER"]
[Date "2008.05.14"]
[Round "6"]
[White "Gerntke, Oliver"]
[Black "Schäfer, Emma"]
[Result "1/2-1/2"]
[Termination "normal"]
[Board "52"]
[WhiteElo "1796"]
[BlackElo "1348"]
[PlyCount "89"]
[WhiteFideId "24647977"]
[BlackFideId "24659312"]
[EventCountry "GER"]
[EventRounds "9"]
[EventType "swiss"]
[EventDate "2008.05.10"]

1. d4 Nf6 2. c4 e6 3. Nf3 b6 4. Bg5 Be7 5. Qc2 d6 6. Nc3 Nbd7 7. e4 e5 8. d5
Bb7 9. Be2 c6 10. Rc1 cxd5 11. cxd5 Rc8 12. Qb1 Nf8 13. Bb5+ N6d7 14. Bxe7 Qxe7
15. O-O a6 16. Be2 Ng6 17. Rfe1 O-O 18. Bf1 Rc7 19. Ne2 Rfc8 20. Rxc7 Rxc7 21.
Rc1 Qd8 22. b4 Qc8 23. Rxc7 Qxc7 24. Qc1 Qxc1 25. Nxc1 Ne7 26. Nd2 f5 27. f3 b5
28. g3 g6 29. Ncb3 Bc8 30. Na5 Nb6 31. Bd3 Kf7 32. Bc2 Kf6 33. Kf2 h6 34. Nb1
Nd7 35. Nc3 Nb8 36. a4 bxa4 37. Bxa4 Bd7 38. Bxd7 Nxd7 39. Nc4 Nc8 40. Na4 Ke7
41. Ke3 Na7 42. Nab6 Nxb6 43. Nxb6 Nb5 44. Nc4 Nd4 45. Na3 1/2-1/2

[Event "5. ODEM U25 2008"]
[Site "Willingen GER"]
[Date "2008.05.14"]
[Round "6"]
[White "Popp, Maximilian"]
[Black "Reiser, Marck"]
[Result "1-0"]
[Termination "normal"]
[Board "53"]
[WhiteElo "1560"]
[BlackElo "1294"]
[PlyCount "59"]
[WhiteFideId "24673668"]
[BlackFideId "24684678"]
[EventCountry "GER"]
[EventRounds "9"]
[EventType "swiss"]
[EventDate "2008.05.10"]

1. e4 c5 2. Nc3 Nc6 3. f4 d6 4. Nf3 g6 5. Bb5 Bg7 6. Bxc6+ bxc6 7. O-O e6 8. d3
Ne7 9. Qe1 O-O 10. Qh4 Rb8 11. h3 f5 12. Kh1 Qd7 13. Rg1 Ba6 14. g4 d5 15. gxf5
exf5 16. e5 Bb5 17. Qg5 d4 18. Nxb5 cxb5 19. h4 Rb6 20. h5 Qc6 21. Qg3 Nd5 22.
Kh2 Re8 23. Nh4 Ne7 24. Bd2 c4 25. Bb4 Kf7 26. Bd6 a5 27. hxg6+ hxg6 28. Nxg6
Nc8 29. Nh4 Rg8 30. Qg6# 1-0